000 00549nam a2200217Ia 4500
003 OSt
005 20240912151134.0
008 240126s9999 xx 000 0 und d
020 _a9788180549076
040 _c0
041 _aEnglish
082 _a650 ADH;1 R
100 _aAdhikary, M.
245 0 _aEconomic environment of business : theory and the Indian case
250 _a13th rev ed.
260 _bSultan Chand
_aNew Delhi
300 _axii, 857
440 _aNULL
650 _aEconomic,environment,business
942 _cLL
_2ddc
999 _c280860
_d280860